000 00332nam a2200133Ia 4500
008 230818s2003 xx 000 0 und d
041 _aeng
100 _aKushel
245 _aThe inside track to successful Managment
260 _bViva books Mumbai
_c2003
300 _a304p
520 _aGeneral
999 _c851845
_d851845
650 _aMarketing Management